| 000 | 00777nam a22002417a 4500 | ||
|---|---|---|---|
| 001 | 42094 | ||
| 003 | UA-OsUOA | ||
| 005 | 20211129214705.0 | ||
| 007 | ta | ||
| 008 | 20061024b un ||||| |||| 00| 0 ukr d | ||
| 020 | _a966-8251-61-Х | ||
| 040 |
_aUA-OsUOA _bukr _cUA-OsUOA _dUA-OsUOA |
||
| 041 | _aukr | ||
| 080 | _a281.9(477) | ||
| 090 |
_a281.9(477) _bП68 |
||
| 245 |
_aПравослав'я: український вимір _bнавчальний посібник _cза ред. П. Ю. Сауха |
||
| 260 |
_aК. _bКондор _c2004 |
||
| 300 | _a384 с. | ||
| 650 | 7 |
_a281.9 Східна православна церква і скопці _2UDC |
|
| 942 |
_cBK _2udc |
||
| 955 | _a2 | ||
| 999 |
_c312259 _d312259 |
||